[Event "USA tt"]
[Site "ICC INT"]
[Date "2014.10.15"]
[Round "8"]
[White "Wheeler, Cameron"]
[Black "Guadalupe, Francisco II"]
[Result "1/2-1/2"]
[WhiteElo "2307"]
[BlackElo "2217"]
[PlyCount "120"]
[EventDate "2014.08.26"]
[EventType "team-tourn"]
[EventRounds "10"]
[EventCountry "USA"]
[SourceTitle "EXT 2015"]
[Source "ChessBase"]
[SourceDate "2014.11.20"]
[SourceVersion "1"]
[SourceVersionDate "2014.11.20"]
[SourceQuality "1"]
[WhiteTeam "San Francisco"]
[BlackTeam "Dallas"]
[WhiteTeamCountry "USA"]
[BlackTeamCountry "USA"]

1. c4 e6 2. g3 d5 3. Bg2 Nf6 4. Nf3 Be7 5. 0-0 0-0 6. d4 Nbd7 7. Qc2 c6 8. Nbd2 b6 9. b3 Bb7 10. Bb2 Rc8 11. Rad1 c5 12. Qb1 Qc7 13. Qa1 Rfd8 14. cxd5 Bxd5 15. Rfe1 Qb7 16. Nh4 Ne4 17. Nxe4 Bxe4 18. d5 Bxd5 19. e4 Bc6 20. Bxg7 f6 21. Bh6 Ne5 22. Bd2 Ng6 23. Nxg6 hxg6 24. Bc3 Kf7 25. h4 b5 26. Rxd8 Rxd8 27. Qc1 Kg7 28. h5 Rh8 29. hxg6 Qd7 30. Qf4 e5 31. Bxe5 Kxg6 32. Ba1 Kf7 33. e5 Qe6 34. Bxc6 Qxc6 35. e6+ Kg7 36. Qg4+ Kf8 37. Qe4 Qxe4 38. Rxe4 Rh5 39. Kg2 Rd5 40. g4 Rd2 41. Rf4 Rxa2 42. Bxf6 Bxf6 43. g5 Ra6 44. Rxf6+ Ke7 45. Rf5 Rc6 46. Rf7+ Ke8 47. f4 Rxe6 48. Rxa7 Rc6 49. f5 c4 50. g6 Kf8 51. bxc4 bxc4 52. Kf3 c3 53. Ra1 c2 54. Rc1 Kg7 55. Kf4 Kf6 56. Kg4 Rc4+ 57. Kh5 Rc3 58. Kg4 Rc4+ 59. Kh5 Rc3 60. Kg4 Rc4+ 1/2-1/2

[Event "USA tt"]
[Site "ICC INT"]
[Date "2014.09.30"]
[Round "6"]
[White "Guadalupe, Francisco II"]
[Black "Nemcova, Katerina"]
[Result "1/2-1/2"]
[WhiteElo "2217"]
[BlackElo "2315"]
[PlyCount "85"]
[EventDate "2014.08.26"]
[EventType "team-tourn"]
[EventRounds "10"]
[EventCountry "USA"]
[SourceTitle "CBM 162 Extra"]
[Source "ChessBase"]
[SourceDate "2014.10.17"]
[SourceVersion "1"]
[SourceVersionDate "2014.10.17"]
[SourceQuality "1"]
[WhiteTeam "Dallas"]
[BlackTeam "Rio Grande"]
[WhiteTeamCountry "USA"]
[BlackTeamCountry "USA"]

1. e4 e5 2. Nf3 Nc6 3. Bb5 f5 4. Nc3 fxe4 5. Nxe4 Nf6 6. Nxf6+ Qxf6 7. Qe2 Be7 8. Bxc6 dxc6 9. Nxe5 0-0 10. 0-0 Bd6 11. f4 Bf5 12. d4 Bxe5 13. dxe5 Qg6 14. Rf2 Rad8 15. Be3 b6 16. Re1 h5 17. Kh1 Kh8 18. h3 Rd5 19. Kh2 h4 20. Qf3 Kg8 21. Rfe2 Bxc2 22. Rd2 Bf5 23. Rxd5 Be4 24. Qg4 cxd5 25. Qxg6 Bxg6 26. b4 d4 27. Bxd4 Rxf4 28. Rd1 Re4 29. Rd2 Kf7 30. a3 Ke6 31. Bf2 Bf7 32. Kg1 g5 33. Bd4 Bh5 34. Kf2 a5 35. bxa5 bxa5 36. Bc3 a4 37. Bd4 g4 38. hxg4 Bxg4 39. Bb2 Kf5 40. Rc2 Bd1 41. Rd2 Bg4 42. Rc2 c5 43. Bc1 1/2-1/2

[Event "USA tt"]
[Site "ICC INT"]
[Date "2014.09.16"]
[Round "4"]
[White "Guadalupe, Francisco II"]
[Black "Lee, Andy C"]
[Result "1/2-1/2"]
[WhiteElo "2217"]
[BlackElo "2292"]
[PlyCount "100"]
[EventDate "2014.08.26"]
[EventType "team-tourn"]
[EventRounds "10"]
[EventCountry "USA"]
[SourceTitle "CBM 162 Extra"]
[Source "ChessBase"]
[SourceDate "2014.10.17"]
[SourceVersion "1"]
[SourceVersionDate "2014.10.17"]
[SourceQuality "1"]
[WhiteTeam "Dallas"]
[BlackTeam "San Francisco"]
[WhiteTeamCountry "USA"]
[BlackTeamCountry "USA"]

1. e4 e5 2. Nf3 Nc6 3. Bb5 a6 4. Ba4 Nf6 5. 0-0 b5 6. Bb3 Bc5 7. d3 d6 8. c3 h6 9. Nbd2 0-0 10. Re1 Bb6 11. Nf1 Ne7 12. a4 Rb8 13. h3 Ng6 14. Be3 Bxe3 15. Nxe3 Be6 16. axb5 Bxb3 17. Qxb3 axb5 18. g3 Qd7 19. Kg2 Kh7 20. Ra7 Ne7 21. Rea1 Ne8 22. Nd5 f5 23. Nxe7 Qxe7 24. Qc2 Qd7 25. d4 Qc6 26. d5 Qd7 27. exf5 Qxf5 28. Qxf5+ Rxf5 29. Nd2 Rf7 30. Ne4 Kg6 31. R1a6 Nf6 32. Nxf6 Rxf6 33. Rxc7 Rbf8 34. f3 Rxf3 35. Rxd6+ Kh7 36. g4 Rf2+ 37. Kg1 Rf1+ 38. Kg2 R1f2+ 39. Kg1 Rf1+ 40. Kg2 R8f2+ 41. Kg3 Rf3+ 42. Kg2 R1f2+ 43. Kg1 Rf1+ 44. Kg2 R1f2+ 45. Kg1 Rxb2 46. Rdd7 Rg3+ 47. Kf1 Rxh3 48. Rxg7+ Kh8 49. Rh7+ Kg8 50. Rhg7+ Kh8 1/2-1/2

[Event "USA tt"]
[Site "ICC INT"]
[Date "2014.09.02"]
[Round "2"]
[White "Atoufi, Pedram"]
[Black "Guadalupe, Francisco II"]
[Result "0-1"]
[WhiteElo "2274"]
[BlackElo "2217"]
[PlyCount "88"]
[EventDate "2014.08.26"]
[EventType "team-tourn"]
[EventRounds "10"]
[EventCountry "USA"]
[SourceTitle "CBM 162 Extra"]
[Source "ChessBase"]
[SourceDate "2014.10.17"]
[SourceVersion "1"]
[SourceVersionDate "2014.10.17"]
[SourceQuality "1"]
[WhiteTeam "Arizona"]
[BlackTeam "Dallas"]
[WhiteTeamCountry "USA"]
[BlackTeamCountry "USA"]

1. e4 e5 2. Nf3 Nc6 3. Bb5 a6 4. Ba4 Nf6 5. 0-0 Nxe4 6. d4 b5 7. Bb3 d5 8. dxe5 Be6 9. Qe2 Bc5 10. Be3 0-0 11. Rd1 Re8 12. Nbd2 Nxd2 13. Rxd2 d4 14. Bxe6 Rxe6 15. Ng5 Rxe5 16. Qh5 Qf6 17. Qxh7+ Kf8 18. Bxd4 Nxd4 19. Qh8+ Ke7 20. Qxa8 Qxg5 21. Rd3 Ne6 22. Rf1 Re2 23. Qc6 Bd6 24. g3 Qc5 25. Qxa6 Rxc2 26. Rb3 b4 27. a3 bxa3 28. bxa3 g6 29. Qa8 Ra2 30. a4 Qc4 31. Rb8 Bc5 32. Re8+ Kf6 33. a5 Qe2 34. Qg2 Rxa5 35. h4 Kg7 36. Rc1 Bb6 37. Rf1 Rf5 38. Re7 Bd4 39. Re8 c5 40. h5 Rxh5 41. Ra8 Rf5 42. Ra3 Ng5 43. g4 Rf4 44. Rg3 Ne4 0-1

[Event "Richardson UTD op"]
[Site "Richardson"]
[Date "2013.03.12"]
[Round "8"]
[White "Guadalupe, Francisco II"]
[Black "Flores Rios, Mauricio"]
[Result "0-1"]
[WhiteElo "2214"]
[BlackElo "2481"]
[PlyCount "54"]
[EventDate "2013.03.09"]
[EventType "swiss"]
[EventRounds "9"]
[EventCountry "USA"]
[SourceTitle "CBM 153 Extra"]
[Source "ChessBase"]
[SourceDate "2013.04.22"]
[SourceVersion "1"]
[SourceVersionDate "2013.04.22"]
[SourceQuality "1"]

1. e4 c5 2. Nf3 e6 3. d4 cxd4 4. Nxd4 Nc6 5. Nc3 Qc7 6. Be2 a6 7. 0-0 Nf6 8. Be3 Bb4 9. Nxc6 bxc6 10. a3 Be7 11. Qd4 c5 12. Qc4 Bb7 13. Bf3 d6 14. Rad1 Nd7 15. Bf4 Ne5 16. Bxe5 dxe5 17. Rd3 0-0 18. Rfd1 Bc6 19. a4 Rfb8 20. Nd5 exd5 21. exd5 Rb4 22. Qxb4 cxb4 23. dxc6 Kf8 24. Rd7 Qa5 25. b3 e4 26. R1d5 Qxd5 27. Rxd5 exf3 0-1

[Event "Richardson UTD op"]
[Site "Richardson"]
[Date "2013.03.11"]
[Round "5"]
[White "Guadalupe, Francisco II"]
[Black "Feinstein, Michael"]
[Result "1-0"]
[WhiteElo "2214"]
[BlackElo "2229"]
[PlyCount "67"]
[EventDate "2013.03.09"]
[EventType "swiss"]
[EventRounds "9"]
[EventCountry "USA"]
[SourceTitle "CBM 153 Extra"]
[Source "ChessBase"]
[SourceDate "2013.04.22"]
[SourceVersion "1"]
[SourceVersionDate "2013.04.22"]
[SourceQuality "1"]

1. e4 c6 2. d4 d5 3. e5 Bf5 4. Nf3 e6 5. Be2 Nd7 6. 0-0 Ne7 7. Nbd2 Nc8 8. Re1 Be7 9. h3 h6 10. b3 a5 11. Bb2 a4 12. c4 dxc4 13. bxc4 a3 14. Bc3 Ndb6 15. Nb3 Na4 16. Qd2 Nxc3 17. Qxc3 Nb6 18. Bd3 Na4 19. Qd2 Bxd3 20. Qxd3 Bb4 21. Re2 c5 22. d5 b5 23. Nbd2 0-0 24. d6 Nc3 25. Ree1 Qd7 26. Rec1 bxc4 27. Nxc4 Nd5 28. Rab1 Rfb8 29. Rb3 Qb5 30. Nfd2 Qc6 31. Ne4 f5 32. exf6 gxf6 33. Nxf6+ Kf8 34. Qg6 1-0

[Event "Richardson UTD op"]
[Site "Richardson"]
[Date "2013.03.10"]
[Round "3"]
[White "Guadalupe, Francisco II"]
[Black "Jacobs, John N"]
[Result "1/2-1/2"]
[WhiteElo "2214"]
[BlackElo "2300"]
[PlyCount "58"]
[EventDate "2013.03.09"]
[EventType "swiss"]
[EventRounds "9"]
[EventCountry "USA"]
[SourceTitle "CBM 153 Extra"]
[Source "ChessBase"]
[SourceDate "2013.04.22"]
[SourceVersion "1"]
[SourceVersionDate "2013.04.22"]
[SourceQuality "1"]

1. e4 d6 2. d4 g6 3. Nf3 Bg7 4. Nc3 c6 5. Be3 b5 6. Qd2 Nd7 7. a4 b4 8. Ne2 a5 9. Ng3 Nb6 10. c4 bxc3 11. bxc3 Bg4 12. Be2 h5 13. h3 Bxf3 14. Bxf3 Nc4 15. Qd3 d5 16. 0-0 e6 17. Rab1 Ne7 18. Rb3 Nc8 19. e5 N8b6 20. Ra1 Bf8 21. Nf1 Be7 22. Be2 Kf8 23. f4 Kg7 24. Bf2 Qc7 25. Qc2 Rab8 26. Nd2 Nxd2 27. Qxd2 Nd7 28. Rab1 Rxb3 29. Rxb3 Rb8 1/2-1/2

[Event "US op quads 113th"]
[Site "Vancouver"]
[Date "2012.08.07"]
[Round "1"]
[White "Guadalupe, Francisco II"]
[Black "Sinanan, Joshua C"]
[Result "0-1"]
[WhiteElo "2305"]
[BlackElo "2262"]
[PlyCount "72"]
[EventDate "2012.08.06"]
[EventType "swiss"]
[EventRounds "3"]
[EventCountry "USA"]
[SourceTitle "CBM 149 Extra"]
[Source "ChessBase"]
[SourceDate "2012.08.24"]
[SourceVersion "1"]
[SourceVersionDate "2012.08.24"]
[SourceQuality "1"]

1. e4 c5 2. Nf3 e6 3. d4 cxd4 4. Nxd4 a6 5. Bd3 Bc5 6. Nb3 Be7 7. 0-0 d6 8. Nc3 Nf6 9. f4 Nbd7 10. a4 b6 11. Qe2 Qc7 12. Be3 0-0 13. Rae1 Bb7 14. g4 Nc5 15. Nxc5 bxc5 16. g5 c4 17. gxf6 cxd3 18. cxd3 Bxf6 19. d4 g6 20. Rc1 Qd7 21. Rfd1 Rac8 22. Qd3 Bg7 23. b4 f5 24. e5 dxe5 25. fxe5 f4 26. Bf2 Rf5 27. Kf1 Rh5 28. h4 g5 29. Ne4 g4 30. Rxc8+ Qxc8 31. Nd6 Qc6 32. d5 Qxd5 33. Nxb7 Qxb7 34. Qd8+ Bf8 35. Qe8 Qh1+ 36. Ke2 Rxe5+ 0-1

[Event "Washington op 1st"]
[Site "Rockville"]
[Date "2012.07.30"]
[Round "6"]
[White "Guadalupe, Francisco II"]
[Black "Bartell, Thomas"]
[Result "0-1"]
[WhiteElo "2214"]
[BlackElo "2410"]
[PlyCount "87"]
[EventDate "2012.07.28"]
[EventType "swiss"]
[EventRounds "9"]
[EventCountry "USA"]
[SourceTitle "CBM 149 Extra"]
[Source "ChessBase"]
[SourceDate "2012.08.24"]
[SourceVersion "1"]
[SourceVersionDate "2012.08.24"]
[SourceQuality "1"]

1. e4 c5 2. Nf3 e6 3. d4 cxd4 4. Nxd4 a6 5. Bd3 Bc5 6. Nb3 Ba7 7. 0-0 Nc6 8. Qg4 Qf6 9. Qg3 Qg6 10. Bf4 Nf6 11. Nc3 Nh5 12. Qxg6 hxg6 13. Bd6 Bb8 14. Bxb8 Rxb8 15. Rfe1 d6 16. Rad1 Ke7 17. a4 b6 18. g3 g5 19. Be2 Ne5 20. Nd4 Bb7 21. Nf3 Nxf3+ 22. Bxf3 Nf6 23. Rd3 Nd7 24. Bg2 Ne5 25. Rd4 g4 26. Red1 Rhd8 27. Kf1 Rbc8 28. Rb4 Rc6 29. h3 a5 30. Rbd4 Ba6+ 31. Kg1 gxh3 32. f4 Nc4 33. Bh1 Nxb2 34. Rb1 Rxc3 35. Rxb2 Rb8 36. Kh2 b5 37. axb5 Rxb5 38. Ra2 Rbc5 39. Rd2 g5 40. Rf2 g4 41. f5 e5 42. Rd2 Bc4 43. Ra1 Rb5 44. Ra4 0-1

[Event "Washington op 1st"]
[Site "Rockville"]
[Date "2012.07.28"]
[Round "1"]
[White "Hunt, Adam"]
[Black "Guadalupe, Francisco II"]
[Result "1/2-1/2"]
[WhiteElo "2447"]
[BlackElo "2214"]
[PlyCount "122"]
[EventDate "2012.07.28"]
[EventType "swiss"]
[EventRounds "9"]
[EventCountry "USA"]
[SourceTitle "CBM 149 Extra"]
[Source "ChessBase"]
[SourceDate "2012.08.24"]
[SourceVersion "1"]
[SourceVersionDate "2012.08.24"]
[SourceQuality "1"]

1. e4 e5 2. Nf3 Nc6 3. Bb5 a6 4. Ba4 Nf6 5. 0-0 Nxe4 6. d4 b5 7. Bb3 d5 8. dxe5 Be6 9. c3 Bc5 10. Qd3 0-0 11. Nbd2 f5 12. exf6 Nxf6 13. Ng5 Qd7 14. Nxe6 Qxe6 15. Ne4 Qxe4 16. Qxe4 Nxe4 17. Bxd5+ Kh8 18. Bxe4 Rad8 19. Bg5 Rd6 20. Rae1 Re6 21. Be3 Bxe3 22. Rxe3 Rd8 23. Rfe1 h6 24. h4 Red6 25. Bc2 g6 26. Re6 g5 27. hxg5 hxg5 28. R6e3 Kg7 29. Rg3 Kf6 30. Rf3+ Kg7 31. Ree3 Rd2 32. Bb3 Rf8 33. Rxf8 Kxf8 34. Rg3 Rxb2 35. Rxg5 Na5 36. Rg8+ Ke7 37. Rg7+ Kf8 38. Rf7+ Ke8 39. Rxc7 Nxb3 40. axb3 Rxb3 41. Ra7 Rxc3 42. Rxa6 Kd7 43. g3 Kc7 44. Kg2 Rc5 45. Ra3 b4 46. Rb3 Rb5 47. g4 Kd6 48. f4 Kd5 49. Kf3 Kd4 50. g5 Kc4 51. Rb1 Kd5 52. f5 b3 53. Kg4 Kd6 54. g6 Ke7 55. Kg5 b2 56. Kh6 Kf6 57. g7 Rb3 58. Kh7 Rh3+ 59. Kg8 Rb3 60. Kh8 Rh3+ 61. Kg8 Rb3 1/2-1/2

[Event "Richardson UTD IM"]
[Site "Richardson"]
[Date "2008.11.29"]
[Round "7"]
[White "Guadalupe, Francisco II"]
[Black "Kiewra, Keaton F"]
[Result "0-1"]
[WhiteElo "2237"]
[BlackElo "2380"]
[PlyCount "54"]
[EventDate "2008.11.26"]
[EventType "tourn"]
[EventRounds "9"]
[EventCountry "USA"]
[EventCategory "2"]
[SourceTitle "CBM 127 Extra"]
[Source "ChessBase"]
[SourceDate "2009.01.08"]
[SourceVersion "2"]
[SourceVersionDate "2009.01.28"]
[SourceQuality "1"]

1. e4 c5 2. Nf3 d6 3. d4 Nf6 4. Nc3 cxd4 5. Nxd4 g6 6. Be2 Bg7 7. Be3 Nc6 8. 0-0 0-0 9. Nb3 Be6 10. f4 Rc8 11. Bf3 Na5 12. Bd4 Nc4 13. Rb1 a6 14. e5 dxe5 15. fxe5 Nd5 16. Re1 Nxb2 17. Rxb2 Nxc3 18. Qd2 Na4 19. Rbb1 b5 20. Bb7 Rb8 21. Bxa6 Qd7 22. Red1 Bg4 23. Bf2 Qe6 24. Bxb5 Rxb5 25. Re1 Rxe5 26. Qb4 Qd7 27. Red1 Bxd1 0-1

[Event "Richardson UTD IM"]
[Site "Richardson"]
[Date "2008.11.29"]
[Round "8"]
[White "Kraai, Jesse"]
[Black "Guadalupe, Francisco II"]
[Result "1-0"]
[WhiteElo "2502"]
[BlackElo "2237"]
[PlyCount "91"]
[EventDate "2008.11.26"]
[EventType "tourn"]
[EventRounds "9"]
[EventCountry "USA"]
[EventCategory "2"]
[SourceTitle "CBM 127 Extra"]
[Source "ChessBase"]
[SourceDate "2009.01.08"]
[SourceVersion "2"]
[SourceVersionDate "2009.01.28"]
[SourceQuality "1"]

1. Nf3 d5 2. d4 Nf6 3. c4 e6 4. g3 c6 5. Bg2 dxc4 6. 0-0 b5 7. Ne5 Bb7 8. a4 Qb6 9. Nc3 Bb4 10. Ne4 Nbd7 11. Be3 Nxe4 12. Nxd7 Qc7 13. Ne5 Nd6 14. b3 f6 15. Nf3 a6 16. Bf4 c3 17. Ne1 Qe7 18. Nc2 Nf7 19. axb5 axb5 20. Rxa8+ Bxa8 21. Qa1 0-0 22. Rc1 Rd8 23. Be3 e5 24. dxe5 Nxe5 25. Nxb4 Qxb4 26. Rxc3 Qd6 27. Rc1 Bb7 28. Bf4 g5 29. Bxe5 Qxe5 30. Qxe5 fxe5 31. Bxc6 Bxc6 32. Rxc6 Rd1+ 33. Kg2 Rb1 34. Rc5 Rxb3 35. Rxe5 h6 36. Kh3 Rb4 37. e4 Rb2 38. f4 gxf4 39. gxf4 b4 40. Rb5 b3 41. Kg4 h5+ 42. Kxh5 Rxh2+ 43. Kg6 Rg2+ 44. Kf6 b2 45. e5 Kh7 46. f5 1-0

[Event "Richardson UTD IM"]
[Site "Richardson"]
[Date "2008.11.28"]
[Round "6"]
[White "Schneider, Igor"]
[Black "Guadalupe, Francisco II"]
[Result "0-1"]
[WhiteElo "2397"]
[BlackElo "2237"]
[PlyCount "98"]
[EventDate "2008.11.26"]
[EventType "tourn"]
[EventRounds "9"]
[EventCountry "USA"]
[EventCategory "2"]
[SourceTitle "CBM 127 Extra"]
[Source "ChessBase"]
[SourceDate "2009.01.08"]
[SourceVersion "2"]
[SourceVersionDate "2009.01.28"]
[SourceQuality "1"]

1. e4 e5 2. Nf3 Nc6 3. Bb5 a6 4. Ba4 Nf6 5. 0-0 Nxe4 6. d4 b5 7. Bb3 d5 8. dxe5 Be6 9. Nbd2 Nc5 10. c3 Be7 11. Bc2 Bg4 12. Re1 Qd7 13. Nf1 Rd8 14. h3 Bh5 15. b4 Ne6 16. a4 d4 17. axb5 axb5 18. Be4 Bg6 19. Bxc6 Qxc6 20. cxd4 Bxb4 21. Bd2 Be7 22. Qb3 0-0 23. Be3 Be4 24. N1d2 Bd5 25. Qb2 f5 26. exf6 Bxf6 27. Ra5 Rb8 28. Rb1 b4 29. Rc1 Qb7 30. Ne1 c5 31. Nef3 Qb6 32. Rca1 cxd4 33. Bg5 Nxg5 34. Rxd5 Nxf3+ 35. Nxf3 d3 36. Nd4 Rfd8 37. Qb3 Kh8 38. Ne6 Rxd5 39. Qxd5 Bxa1 40. Ng5 Qg6 41. Nf7+ Qxf7 42. Qxf7 Rd8 43. Qb3 d2 44. Qd1 Bc3 45. f4 Ra8 46. Kf2 h6 47. f5 Ra5 48. g4 Ra1 49. Qe2 Re1 0-1

[Event "Richardson UTD IM"]
[Site "Richardson"]
[Date "2008.11.27"]
[Round "4"]
[White "Bantic, Mihail"]
[Black "Guadalupe, Francisco II"]
[Result "1-0"]
[WhiteElo "2195"]
[BlackElo "2237"]
[PlyCount "25"]
[EventDate "2008.11.26"]
[EventType "tourn"]
[EventRounds "9"]
[EventCountry "USA"]
[EventCategory "2"]
[SourceTitle "CBM 127 Extra"]
[Source "ChessBase"]
[SourceDate "2009.01.08"]
[SourceVersion "2"]
[SourceVersionDate "2009.01.28"]
[SourceQuality "1"]

1. d4 d5 2. c4 e6 3. Nc3 Nf6 4. Bg5 Be7 5. e3 0-0 6. Bd3 b6 7. Bxf6 Bxf6 8. cxd5 exd5 9. Qh5 g6 10. Qxd5 Bd7 11. Qxa8 Bc6 12. Qxa7 Bxg2 13. Be4 1-0

[Event "USA tt"]
[Site "ICC INT"]
[Date "2007.10.17"]
[Round "8"]
[White "Sinanan, Joshua C"]
[Black "Guadalupe, Francisco II"]
[Result "0-1"]
[WhiteElo "2167"]
[BlackElo "2212"]
[PlyCount "104"]
[EventDate "2007.08.29"]
[EventType "team-tourn"]
[EventRounds "10"]
[EventCountry "USA"]
[SourceTitle "CBM 120 Extra"]
[Source "ChessBase"]
[SourceDate "2007.11.01"]
[SourceVersion "1"]
[SourceVersionDate "2007.11.01"]
[SourceQuality "1"]

1. Nf3 Nf6 2. c4 c5 3. Nc3 Nc6 4. g3 d5 5. cxd5 Nxd5 6. Bg2 g6 7. 0-0 Bg7 8. Qb3 e6 9. d3 0-0 10. Bd2 Nde7 11. Ne4 b6 12. Bc3 e5 13. Rfc1 Be6 14. Qa4 h6 15. a3 Rc8 16. b4 f5 17. Ned2 cxb4 18. axb4 Nd5 19. Bb2 Ndxb4 20. Nxe5 Nxe5 21. Qxb4 Qd7 22. Qa3 a5 23. Rab1 Rxc1+ 24. Bxc1 Rb8 25. Nf1 a4 26. Bf4 g5 27. Bd2 b5 28. Bb4 Nc6 29. Bd6 b4 30. Qxa4 Qxd6 31. Bxc6 b3 32. Bb5 Kh7 33. Ne3 b2 34. Bc4 Qd4 35. Qa6 Bxc4 36. Nxc4 Qc3 37. Rxb2 Rxb2 38. Nxb2 Qxb2 39. Qe6 Qf6 40. Qd7 Qe5 41. e3 f4 42. e4 f3 43. h3 h5 44. Kh2 h4 45. Qg4 hxg3+ 46. Qxg3 Kh6 47. h4 gxh4 48. Qxe5 Bxe5+ 49. Kh3 Kg5 50. d4 Bxd4 51. e5 Bxf2 52. e6 Bc5 0-1